[Event "Bratislava Slovan op"]
[Site "Bratislava"]
[Date "2019.05.03"]
[Round "3"]
[White "Heger, Peter"]
[Black "Pozar, Daniel"]
[Result "1-0"]
[WhiteElo "1481"]
[BlackElo "1396"]
[PlyCount "108"]
[EventDate "2019.05.01"]
[EventType "swiss"]
[EventRounds "9"]
[EventCountry "SVK"]
[SourceTitle "CBM 190 Extra"]
[Source "ChessBase"]
[SourceDate "2019.07.15"]
[SourceVersion "1"]
[SourceVersionDate "2019.07.15"]
[SourceQuality "1"]

1. d4 c5 2. d5 d6 3. c4 g6 4. e4 Bg7 5. Qc2 Nf6 6. Nc3 0-0 7. Nf3 Nbd7 8. Be2 Ng4 9. h3 Nge5 10. 0-0 Qb6 11. Rb1 f5 12. Ng5 Nf6 13. f4 Nf7 14. Nxf7 Rxf7 15. e5 dxe5 16. fxe5 Ne8 17. Bf4 Qd8 18. Qd2 b6 19. Qe3 Bd7 20. e6 Bd4 21. exf7+ Kxf7 22. Qxd4 cxd4 23. Nb5 Qc8 24. Nxd4 Qc5 25. Be3 Qd6 26. Bf3 Rc8 27. b3 Qb4 28. Rbe1 Nd6 29. Kh1 Nb7 30. Bg5 Re8 31. Nc6 Bxc6 32. dxc6 Nd6 33. Bd5+ e6 34. Bf3 Kg7 35. c7 Qc5 36. Bd8 e5 37. Bd5 a5 38. Rd1 e4 39. Ba8 g5 40. Rxd6 Qxd6 41. c8Q Rxd8 42. Qc6 Qe5 43. Qb7+ Kg8 44. Qa6 Qc5 45. Bd5+ Kg7 46. Qb7+ Kh6 47. Qf7 Rf8 48. Qe6+ Kh5 49. Rxf5 Rxf5 50. Qxf5 Kh6 51. Bxe4 Qe7 52. g4 Qg7 53. Qe6+ Qg6 54. Bxg6 hxg6 1-0